000 00629nam a2200205 4500
001 159532
003 ES-MaACL
005 20251015063141.0
008 950221s1851 sp |||| | spa d
040 _aEUS
_bspa
_cEUS
080 _a2(02)
080 _a17(02)
100 1 _aMestres, Salvador,
_dm. 1879
_9129877
245 1 0 _aTratado elemental de moral y religión... /
_cpor Salvador Mestres.
250 _a5ª ed.
260 _aBarcelona :
_bImprenta y Librería Politécnica de Tomás Gorchs,
_c1851.
300 _a136 p. ;
_c19 cm.
852 _aES-MaACL
_jC-3855
_z-- Enc. hol.
999 _c159532
_d159532